| 000 | 00000nas 2200000za 4500 |
| 001 | 9.839691 |
| 003 | CaOODSP |
| 005 | 20221107151649 |
| 007 | cr ||||||||||| |
| 008 | 170714c20069999onc x m o||||f0 |0eng|d |
| 040 | |aCaOODSP|beng |
| 043 | |an-cn--- |
| 086 | 1 |aFB12-7E-PDF |
| 130 | 0 |aBackgrounders (Bank of Canada) |
| 245 | 10|aBackgrounders |h[electronic resource] |
| 260 | |aOttawa : |bBank of Canada. |
| 310 | |aIrregular. |
| 362 | 1 |a[2006]- |
| 520 | 3 |aBrief articles explaining various topics related to the Bank of Canada's main functions. |
| 692 | 07|2gccst|aBanks |
| 692 | 07|2gccst|aBanking |
| 710 | 2 |aBank of Canada. |
| 775 | 08|tDocuments d'information |w(CaOODSP)9.839693 |